<?xml version="1.0" encoding="UTF-8"?>
<collection xmlns="http://www.loc.gov/MARC21/slim">
 <record>
  <leader>01391nam a22002057a 4500</leader>
  <controlfield tag="001">NCT_72506</controlfield>
  <controlfield tag="008">191031b        xxu||||| |||| 00| 0 vie d</controlfield>
  <datafield tag="999" ind1=" " ind2=" ">
   <subfield code="c">3529</subfield>
   <subfield code="d">3529</subfield>
  </datafield>
  <datafield tag="020" ind1=" " ind2=" ">
   <subfield code="a">9786049049439</subfield>
   <subfield code="c">66000</subfield>
  </datafield>
  <datafield tag="082" ind1="0" ind2="4">
   <subfield code="2">23rd ed.</subfield>
   <subfield code="a">344.597</subfield>
   <subfield code="b">L504T</subfield>
  </datafield>
  <datafield tag="110" ind1="1" ind2=" ">
   <subfield code="a">Quốc Hội</subfield>
  </datafield>
  <datafield tag="245" ind1="1" ind2="0">
   <subfield code="a">Luật tài nguyên, môi trường biển, hải đảo và các văn bản hướng dẫn thi hành</subfield>
   <subfield code="c">Quốc Hội</subfield>
  </datafield>
  <datafield tag="260" ind1=" " ind2=" ">
   <subfield code="a">H. </subfield>
   <subfield code="b">Tài nguyên - Môi trường và Bản đồ Việt Nam</subfield>
   <subfield code="c">2016</subfield>
  </datafield>
  <datafield tag="300" ind1=" " ind2=" ">
   <subfield code="a">262 tr.</subfield>
   <subfield code="c">21cm</subfield>
  </datafield>
  <datafield tag="490" ind1="0" ind2=" ">
   <subfield code="a">Bảo vệ chủ quyền biển đảo Tổ Quốc</subfield>
  </datafield>
  <datafield tag="520" ind1="3" ind2=" ">
   <subfield code="a">Sách gồm 2 nội dung chính: nghị định 40/2016/NĐ-CP ngày 15 tháng 5 năm 2016 quy định chi tiết thi hành một số điều của Luật tài nguyên, môi trường biển và hải đảo và Nghị định 41/2016/NĐ-CP ngày 15 tháng 5 năm 2016 quy định chi tiết về việc cấp phép cho tổ chức, cá nhân nước ngoài tiến hành nghiên cứu khoa học trong vùng biển Việt Nam.</subfield>
  </datafield>
  <datafield tag="653" ind1=" " ind2=" ">
   <subfield code="a">Luật học</subfield>
  </datafield>
  <datafield tag="942" ind1=" " ind2=" ">
   <subfield code="2">ddc</subfield>
   <subfield code="c">BK</subfield>
  </datafield>
  <datafield tag="952" ind1=" " ind2=" ">
   <subfield code="0">0</subfield>
   <subfield code="1">0</subfield>
   <subfield code="2">ddc</subfield>
   <subfield code="4">0</subfield>
   <subfield code="6">344_597000000000000_L504T</subfield>
   <subfield code="7">0</subfield>
   <subfield code="9">18318</subfield>
   <subfield code="a">000001</subfield>
   <subfield code="b">000001</subfield>
   <subfield code="d">2019-10-31</subfield>
   <subfield code="o">344.597 L504T</subfield>
   <subfield code="p">MD.16159</subfield>
   <subfield code="r">2019-10-31</subfield>
   <subfield code="v">66000.00</subfield>
   <subfield code="w">2019-10-31</subfield>
   <subfield code="y">BK</subfield>
  </datafield>
  <datafield tag="980" ind1=" " ind2=" ">
   <subfield code="a">Thư viện Trường Đại học Nam Cần Thơ</subfield>
  </datafield>
 </record>
</collection>
